| 000 | 00558nam a22001817a 4500 | ||
|---|---|---|---|
| 005 | 20231227115836.0 | ||
| 010 | _aENG-138772 | ||
| 020 |
_a9789392595011 _c1500.00 |
||
| 035 | _aEN-122304 | ||
| 037 | _bDBAD/PUB | ||
| 082 | _a700.954 | ||
| 100 |
_aMeena, Santosh _960285 |
||
| 245 |
_aArt, Archaeology and Cultural History/ _cby Santosh Meena |
||
| 260 |
_aIndia _bRishabh Books |
||
| 270 |
_a22/4735 Prakash Deep Building,Ansari Raod, Darya Ganj, _bNew Delhi _e110002 |
||
| 300 |
_a271p. _c23cm. (Hb) |
||
| 942 |
_2ddc _cEN _h700.954 _mMEE |
||
| 999 |
_c199830 _d199830 |
||